[Event "Corus Chess 2008"]
[Site "Wijk aan Zee"]
[Date "2008.01.17"]
[Round "5"]
[White "Mamedyarov, Shakhriyar"]
[Black "Van Wely, Loek"]
[Result "1-0"]
[WhiteElo "2760"]
[BlackElo "2681"]
[Annotator "Âèðøè÷ Âàñèëèé"]
[PlyCount "81"]
[EventDate "2008.01.17"]

1. e4 c5 2. b3 d6 ({À âîò òàê èãðàëè íàøè ïðåäêè ;)} 2... Nc6 3. Bb2 a6 $6 {
óæå òîãäà íå ëþáèëè ïóñêàòü ñëîíà íà b5} 4. a4 {
èëè èäåò áîðüáà, çà è ïðîòèâ b7-b5?} e6 5. Nf3 d6 6. Nc3 Nf6 7. Be2 Be7 8. O-O
O-O 9. d4 cxd4 10. Nxd4 Qb6 11. Nxc6 bxc6 12. a5 Qc7 13. f4 Ne8 14. Bd3 f5 {
à âåäü ÷åðíûå äåéñòâóþò âïîëíå ñîâðåìåííî} 15. exf5 exf5 16. Qh5 Nf6 17. Qh3
Ng4 18. Rf3 $2 (18. Qf3) 18... Qa7+ 19. Kf1 Rf6 20. Rg3 $4 {Â àòàêó!} Qf2# {
(0-1 Kieseritzky,L - Anderssen,A/London 1851).}) 3. Bb2 Nf6 4. Bb5+ (4. Nc3 Nc6
5. Bb5 Bd7 6. f4 a6 7. Bxc6 Bxc6 8. Qe2 d5 9. exd5 Nxd5 10. Nh3 Nxc3 11. Bxc3
Qd5 12. O-O O-O-O 13. Ng5 Qf5 14. d3 e6 15. Rae1 Bd6 16. Ne4 Bc7 17. Be5 Bxe5
18. fxe5 Qxe5 19. Rxf7 Rhf8 20. Rxf8 Rxf8 21. Nf2 Qxe2 22. Rxe2 $11 {
- 1/2-1/2 Navara,D (2658)-Bu Xiangzhi (2640)/Turin 2006 (64)/}) 4... Bd7 5.
Bxd7+ Qxd7 6. d3 Nc6 ({Èãðàëè è òàê} 6... g6 7. f4 (7. Bxf6 $5) 7... Bg7 8. Nf3
O-O 9. O-O Nc6 10. Qe1 Rac8 11. Nbd2 Nb4 12. Qc1 b5 13. a3 Nc6 14. Kh1 d5 15.
e5 Ng4 16. Qe1 f6 17. h3 Nh6 18. g4 Nd8 19. Qg3 f5 20. g5 Nhf7 21. h4 Ne6 22.
Rf2 c4 23. bxc4 dxc4 24. dxc4 bxc4 25. Bc3 Nd6 26. h5 Ne4 27. Nxe4 fxe4 28. Nh2
Nd4 29. Rd1 Nf5 30. Rxd7 Nxg3+ 31. Kg2 Nxh5 32. Bd2 Rcd8 33. Rxe7 Rxd2 34. Rxd2
Nxf4+ 35. Kh1 e3 36. Rdd7 Ne6 37. Rd1 e2 38. Re1 Nd4 39. e6 h5 40. Rxa7 Be5 41.
e7 Re8 42. c3 Bg3 43. Nf3 Bxe1 44. Nxe1 Nb5 45. Ra6 Kg7 46. Re6 Nxc3 47. Kg2
Nd5 48. Re5 Nxe7 49. Rxe2 Kf7 50. Nf3 Nf5 51. Rxe8 Kxe8 52. Kf2 h4 53. a4 Kd8
54. Ke2 h3 55. Kd2 Nd6 56. Kc3 Ne4+ 57. Kd4 c3 58. Kd3 Nxg5 59. Nh2 Ne4 60. a5
Kc7 {(0-1 Aronian,L (2752) - Morozevich,A (2721)/Monte Carlo 2006).}) 7. f4 d5
8. Nd2 O-O-O (8... d4 9. Ngf3 Qc7 10. g3 $6 ({
Èíòåðåñíóþ æåðòâó ïåøêè ïðåäëàãàåò Ðûáêà} 10. O-O $5 Qxf4 11. Nc4 Qc7 12. e5
b5 (12... Nd5 13. Ng5 $1 $16) 13. exf6 bxc4 14. fxg7 Bxg7 15. Ng5 {
òàêæå ñ ïåðåâåñèêîì ó áåëûõ}) {Â ïàðòèè æå èãðà ïðîõîäèëà ïîä «÷åðíóþ äóäêó»:
} 10... Ng4 11. Qe2 e5 12. f5 g6 13. a4 Bh6 14. Nc4 gxf5 15. exf5 Rg8 16. Ba3
b6 17. Bc1 Bxc1 18. Rxc1 O-O-O 19. O-O h5 20. Rce1 f6 21. Nh4 Kb8 22. Qf3 Nb4
23. Re2 Nd5 24. Ng6 Rge8 25. Rfe1 a6 26. h3 Nge3 27. Nxe3 Nxe3 28. Rxe3 dxe3
29. Rxe3 Qd6 30. Re4 c4 31. Rxc4 e4 32. Qf4 exd3 33. cxd3 Kb7 34. Kf2 b5 35.
axb5 axb5 36. Rc2 Qd4+ 37. Kg2 Qd5+ 38. Kf2 Rd7 39. Rc3 Qh1 40. Qf3+ Qxf3+ 41.
Kxf3 b4 42. Rc4 Rxd3+ 43. Kf4 Rxb3 44. g4 hxg4 45. hxg4 Re1 46. g5 Reb1 47. Ke4
fxg5 48. Ke5 Kb6 49. Kf6 Kb5 50. Rc8 Rf3 51. Ne7 g4 {
(0-1 Arutinian,D (2433) - Bocharov,D (2569)/Istanbul 2004).}) 9. Qe2 $146 (9.
e5 Ng8 10. Qe2 e6 11. Ngf3 Nge7 12. O-O h5 13. a3 Nf5 14. c3 d4 15. c4 f6 16.
Ne4 Be7 17. b4 cxb4 18. axb4 Bxb4 19. exf6 gxf6 20. Nxf6 Qe7 21. Ne4 Rhg8 22.
Bc1 a5 23. Bd2 Bxd2 24. Qxd2 Ne3 (24... h4) 25. Rf2 e5 26. Nxe5 Nxe5 27. fxe5
Ng4 28. Nd6+ {(1-0 Gerasimov,I (2262) - Balashov,Y (2467)/Kazan RUS 2007).})
9... dxe4 10. dxe4 Nd4 (10... Qc7 $5) 11. Bxd4 Qxd4 12. Rd1 Qc3 13. Ngf3 Qxc2 (
{Íåïëîõî âûãëÿäèò è àãðåññèâíîå, «íà ïåðåõâàò»} 13... Ng4 $5 14. Ng5 (14. O-O
$2 Qe3+ $1 15. Qxe3 Nxe3) 14... Nh6 ({Íå ãîäèòñÿ ïñåâäîàêòèâíîå} 14... Ne3 15.
Nxf7 Rd4 16. Kf2 Nxd1+ 17. Rxd1 Rg8 18. Nf3 {è ÷åðíûì íå óñòîÿòü} e5 (18...
Rxd1 19. Qxd1 Qa5 20. Qd5 $18) 19. Nxd4 exd4 20. e5 $18) {
è åñëè áåëûå íå õîòÿò îñòàòüñÿ ó ðàçáèòîãî êîðûòà, ïðèäåòñÿ ðåøàòüñÿ íà} 15.
Kf2 $5 (15. O-O Qxc2) 15... e5 $5 (15... Qxc2 16. Nc4 Qxe2+ 17. Kxe2 Rxd1 18.
Rxd1 e6 19. a4 {ñ áîãàòîé êîìïåíñàöèåé çà ïåøêó}) 16. Nc4 Be7 17. Nh3 f6 18.
Ne3 exf4 19. Nxf4 Qe5 20. Qf3 f5 $1 {ñ íåÿñíîé èãðîé}) 14. Ng5 Rd4 15. O-O (15.
Nxf7 {ôîðñèðîâàííî ïðèâîäèëî ê íè÷üåé ïîñëå} Nxe4 16. O-O Nc3 17. Qe6+ Kc7 18.
Qe5+ Kc6 19. Qe6+ Kc7 20. Qe5+ $11) 15... e6 ({Íå ãîäèòñÿ} 15... g6 16. Ngf3 $1
({íî íå} 16. Nxf7 Rg8 17. Ng5 Bh6) 16... Rd8 17. Rc1 {ïåøêà íà ñ5 íå çàùèùåíà!}
) 16. Nxf7 Rg8 17. Ng5 Be7 18. Nxe6 $1 {
×òîáû íå ìó÷èëè ñîìíåíèÿ, íóæíî õîðîøî ñ÷èòàòü!} Rxe4 {
Âèëêà. ×åðíûå âûèãðûâàþò ôèãóðó?} 19. Qf3 Rxe6 20. Qh3 {
Óâû íåò. Âñå òî÷íî ðàññ÷èòàíî.} Ng4 21. Qxg4 Qg6 22. Qh3 Qh6 23. Qf3 Bf6 24.
Kh1 Bd4 25. b4 cxb4 26. Ne4 (26. Qb3 $5) 26... Bb6 (26... Rd8 $1 27. Ng5 Re7
28. Qg4+ (28. Qb3 Qb6 $11) 28... Kb8 29. f5 Bb6 30. Rxd8+ Bxd8 {
è ó ÷åðíûõ âñå â ïîðÿäêå}) 27. f5 Bc7 28. h3 Rc6 $2 (28... Re5 $1 {
ïîçâîëÿëî ñîõðàíèòü ðàâíîâåñèå}) 29. Qg4 Kb8 30. f6 a5 31. f7 Rf8 32. Qf5 {
Ìàìåäüÿðîâ âèäèìî ðåøèë ïîäåðæàòü íàïðÿæåíèå. Ìóäðîå ðåøåíèå!} ({
Ñàìûì íàäåæíûì âûãëÿäèò} 32. Qg5 Qxg5 33. Nxg5 Rf6 34. Nxh7 R8xf7 35. Nxf6 gxf6
36. g4 {è áåëûå äîëæíû ïîáåäèòü}) ({Ðåøàþùåå ñ âèäó} 32. Qd7 {
âñòðå÷àåòñÿ íåîæèäàííîé êîíòðèãðîé} Qh5 $1 33. Rf5 (33. Qe7 $6 Rxf7 34. Qe8+
Ka7 35. Qxf7 Qe5 $1 36. Qf2+ b6 37. Ng3 Qxg3 38. Qxg3 Bxg3 39. Rf7+ Ka6 40.
Rxg7 Bb8 {è ìîãóò ëè áåëûå âûèãðàòü - áîëüøîé âîïðîñ} 41. Rgd7 a4 42. Kg1 Be5
$11) 33... Qg6 34. g4 Qh6 35. Ng5 Rc3 $1 {è âå÷íîãî øàõà íå èçáåæàòü} ({
Äðóãèå õîäû âèäèìî ïðîèãðûâàþò} 35... g6 36. Qe8+ Ka7 37. Qe3+ Kb8 {
è âíåçàïíî ñëåäóåò} 38. Re5 $3 Bxe5 39. Qxe5+ Ka7 40. Qxa5+ Kb8 41. Qe5+ Ka7
42. Rd7 $18 {âûêëþ÷åííûé èç èãðû ôåðçü íå äàåò ÷åðíûì âîçìîæíîñòè íàëàäèòü
îáîðîíó. Íàïðèìåð} Rc1+ 43. Kg2 Rfc8 44. Qd4+ Kb8 45. Qxb4 R8c2+ 46. Rd2 $1
Rxd2+ 47. Qxd2 Rc8 48. Qf4+ Ka7 49. Qd4+ Ka8 50. Ne6 {ñ ïîáåäîé})) 32... Qh4 $2
{Âîò è ïîäòâåðæäåíèå äèàãíîçà. ×åðíûå ïðîñòî íå âûäåðæèâàþò íàïðÿæåíèÿ!
Âèäèìî ðåøàþùàÿ îøèáêà.} ({À òåì âðåìåíåì íå âñå åùå ïîòåðÿíî! Ïîñëå} 32...
Qg6 $1 33. Qxg6 (33. Qd5 Rc2 34. Nc5 Rxc5 35. Qxc5 Rxf7 36. Rxf7 Qxf7 $11)
33... hxg6 (33... Rxg6 $4 34. Nc5 $18) 34. Ng5 Rf6 35. Rde1 Rxf1+ 36. Rxf1 Bd6
37. Ne6 Rc8 38. Rd1 Be7 39. Kh2 {
ïîáåäà áåëûõ ñîïðÿæåíà ñ áîëüøèìè òåõíè÷åñêèìè òðóäíîñòÿìè}) 33. Rd7 g6 $6 {
Ýòîò õîä ëèøü ïîäòàëêèâàåò áåëîãî ôåðçÿ ïî íóæíîìó ìàðøðóòó. Õîòÿ íàéòè äëÿ
÷åðíûõ ïðèåìëåìóþ çàùèòó êðàéíå ñëîæíî. Íàïðèìåð:} (33... Ka7 34. Qd5 Qh6 35.
Nd6 $1 Rxd6 36. Qc5+ Ka6 37. Qxc7 Rxd7 38. Qxd7 Qc6 39. Qd4 {
ñ ðåøàþùèì ïåðåâåñîì}) 34. Qd5 a4 $2 {Òåïåðü áåëûå áåç òðóäà ïîáåæäàþò.} ({
Âïðî÷åì, è ïðè äðóãèõ ïðîäîëæåíèÿõ ÷åðíûì âðÿä ëè ñïàñòèñü} 34... Ka8 35. Qd4
Rc2 36. Qe3 Rc6 37. Ng5 $18) 35. Qd4 b3 36. axb3 axb3 37. Qg7 Rxf7 38. Qg8+ ({
À åùå ÷åò÷å} 38. Qh8+ $1 Ka7 39. Qd4+ Kb8 40. Rdxf7 {ñ áûñòðûì ìàòîì}) 38...
Ka7 39. Qxf7 Qxe4 40. Rxc7 b2 41. Rxb7+ {×åðíûå ñäàëèñü. Â ìèòòåëüøïèëå
Ìàìåäüÿðîâ íàâÿçàë Ëþêó Âàí Âåëè ñëîæíóþ èãðó è èñêóñíî âñþ ïàðòèþ 
ïîääåðæèâàë  íàïðÿæåíèå. Â èòîãå Ëþêó ïðèøëîñü âåñòè òÿæåëóþ çàùèòó, â
êîòîðîé íå ìóäðåíî è îñòóïèòüñÿ. ×òî, ñîáñòâåííî, è ïðîèçîøëî.} 1-0

[Event "Corus Chess 2008"]
[Site "Wijk aan Zee"]
[Date "2008.01.17"]
[Round "5"]
[White "Topalov, Veselin"]
[Black "Gelfand, Boris"]
[Result "1-0"]
[WhiteElo "2780"]
[BlackElo "2737"]
[Annotator "Ëåáåäåâ Âàñèëèé"]
[PlyCount "55"]
[EventDate "2008.01.??"]

1. e4 e5 2. Nf3 Nf6 3. Nxe5 d6 4. Nf3 Nxe4 5. d4 d5 6. Bd3 Nc6 7. O-O Be7 8.
Nc3 $5 {Âåñüìà ðåäêîå ïðîäîëæåíèå.} ({Âåñüìà çàåçæåíî} 8. c4 {
, ÷òî, êñòàòè, áûëî íîâûì ñëîâîì â òåîðèè ëèøü âî âðåìåíà ìîåãî äåòñòâà.})
8... Nxc3 {Êîíå÷íî æå, Áîðèñ Ãåëüôàíä ñàì çíàåò ÷òî è êàê åìó èãðàòü â
ðóññêîé ïàðòèè, íî...} ({
...íî èãðàòü  îäíî ðàçâåòâëåíèå âòîðîé ðàç â îäíîì è òîì æå òóðíèðå (} 8... Bf5
{) îí íå ñòàë. Õîòÿ åãî ñîïåðíèê ïî 1-ìó òóðó íèêàêèõ òàêèõ ñëîæíûõ çàäà÷
ïåðåä íèì ïîñòàâèë íå ñìîã:} 9. Re1 Nxc3 10. bxc3 Bxd3 11. Qxd3 O-O 12. Rb1 ({
è âîò åù¸ îäèí óâåðåííûé «ñóõàðèê» îò Áîðèñà:} 12. Bf4 Bd6 13. Ng5 g6 14. Qh3
h5 15. Bxd6 Qxd6 16. Qf3 Qd7 17. Re3 Rae8 18. Rae1 Rxe3 19. Qxe3 Qf5 20. Re2 f6
21. Nf3 Kg7 22. h3 Rf7 23. Qe8 Rf8 24. Qe3 Rf7 25. Qe8 Rf8 {
1/2 Svidler,P (2743) - Gelfand,B (2727)/Turin 2006}) 12... Na5 13. Qf5 c6 14.
h4 Nc4 15. h5 b5 16. Bg5 Nd6 17. Bxe7 Nxf5 18. Bxd8 Rfxd8 19. Ne5 Rac8 20. Nd3
Kf8 21. Nc5 Nd6 {1/2 Adams,M (2726)-Gelfand,B (2737)/Wijk aan Zee NED 2008}) ({
À òî, ÷òî ìîæíî èãðàòü â «ðàïèäå» -} 8... f5 {íå ñëèøêîì ïîäõîäèò äëÿ
ñóïåðòóðíèðà. Ê òîìó æå ÿñíî, ÷òî èçðàèëüñêèé ãðîññìåéñòåð ÿâíî íå â ôîðìå...}
9. Ne2 O-O 10. c4 {- 1-0 Grischuk,A (2732) - Gelfand,B (2703)/Bastia 2003 (42)}
) 9. bxc3 Bg4 10. Re1 ({Àíàíäó â «ðàïèäå» ïðîèãðàòü ìîæåò êàæäûé...} 10. Rb1
Rb8 11. Re1 O-O 12. Bf4 Bd6 13. Bxd6 Qxd6 14. Re3 f6 15. h3 Bh5 16. Qe2 Qd7 17.
g4 Bf7 18. Nh4 Rfe8 19. Nf5 Rxe3 20. Qxe3 Re8 {
...êàêîé áû ïðèâëåêàòåëüíî íå êàçàëîñü áû òåáå ñîáñòâåííàÿ ïîçèöèÿ...} 21. Qg3
Nd8 22. h4 Bg6 23. h5 Bxf5 24. Bxf5 Qe7 25. Qd3 h6 26. Bg6 Rf8 27. Kf1 Qd6 28.
Qe3 Ne6 29. Rxb7 Nf4 30. Kg1 Nxg6 31. hxg6 f5 32. gxf5 Rxf5 33. Rb8+ Rf8 34.
Rxf8+ Kxf8 35. Qf3+ Qf6 36. Qxd5 Qxg6+ 37. Kf1 Qxc2 38. Qd8+ Kf7 39. Qxc7+ Kg8
40. Qc4+ Kf8 41. d5 Qc1+ 42. Ke2 Qc2+ 43. Kf3 Qd1+ 44. Kg2 g5 45. Qc8+ Kg7 46.
Qd7+ Kg6 47. Qe6+ Kg7 48. d6 g4 49. Qe5+ Kf7 50. Qf5+ Kg7 51. d7 {
1-0 Anand,V (2792) - Gelfand,B (2723)/Monte Carlo 2006}) 10... O-O 11. Bf4 Bd6
({Ïàðòèé ïðèìåðíûõ òóò îñòàëîñü óæå ñîâñåì ìàëî. È êàê-òî «íå ðàäóþò» îíè
÷¸ðíûõ. Ê ïðèìåðó,} 11... Qd7 12. Rb1 Rab8 13. Re3 Rfe8 14. Qe2 Bf8 15. Re1
Rxe3 16. Qxe3 Bf5 $2 17. Bxc7 $1 {è ò.ä. íî, êàê ýòî íè ñòðàííî, ðåçóëüòàò òóò
áûë òàêîé - 1/2 (!!) Anand,V (2794) - Leko,P (2730)/Leon 2001 (56)}) ({Èëè} 
11... Bh5 12. Re3 Bd6 13. Bxd6 Qxd6 14. Qe2 Nd8 15. Bf5 Bg6 16. Bxg6 hxg6 17.
Ng5 Qf4 18. Re5 Nc6 19. g3 Qf6 20. Rxd5 Rad8 21. Rxd8 Rxd8 22. h4 Qe7 23. Qb5
Rb8 24. Rb1 Qd7 25. Re1 a6 26. Qb3 b5 27. Qa3 a5 28. Qc5 b4 29. d5 Nd8 30. Qxc7
{(1-0 Karjakin,S (2580) - Macieja,B (2633)/playchess.com INT 2004).}) 12. Bxd6
cxd6 {ßêîáû ïðèõîäèòñÿ... Íî íå îøèáêà ëè ýòî?} ({Äåéñòâèòåëüíî, â ñëó÷àå} 
12... Qxd6 {ñëåäóåò} 13. Bxh7+ $1 {, è ÷¸ðíûå, êàê ìèíèìóì, ïðîèãðûâàþò
ïåøêó. À åñëè îíè õîòÿò ïîïûòàòü «ñ÷àñòüÿ» â îñëîæíåíèÿõ -} Kxh7 $2 ({
ëó÷øå ìó÷èòüñÿ áåç ïåøêè ïîñëå} 13... Kh8 14. Bd3 {è ò.ä.}) {
, òî î÷åíü ñêîðî âûÿñíèòñÿ, ÷òî ýòî áûëà ïëîõàÿ ìûñëü:} 14. Ng5+ Kg6 15. Qxg4
f5 16. Qh4 Rh8 {Äóìàåòå, ýòî - êîíòðèãðà? Íåò, ýòî ñë¸çû!} 17. Re6+ $1 Qxe6 18.
Qxh8 $1 Qe8 19. Qxe8+ Rxe8 20. Nh3 $16 {Ê òîìó æå} {«àêòèâíîå»} Re2 {
âñòðå÷àåòñÿ} 21. Nf4+) ({Îäíàêî â ýòîì òóðå Ìàãíóñ Êàðëñåí çà ñîñåäíèì
ñòîëèêîì ïîêàçàë, êàê íàäî ðåàãèðîâàòü íà ïîäîáíûé ðàçìåí ñëîíîâ íà ïîëå d6. À
èìåííî: ïðîìåæóòî÷íûì óäàðîì íà f3 -} 12... Bxf3 $1 {È ïîõîæå, ÷òî ÷¸ðíûå
ïîëó÷àþò òóò ñòàíäàðòíóþ, «ðóññêóþ» ïîçèöèþ (òó ñàìóþ, êîòîðàÿ ÷óòü
õóæå), êîòîðàÿ àêêóðàòíîé èãðîé îáû÷íî ñâîäèòñÿ âíè÷üþ.} {
Åñòü äàæå ïðèìåðíàÿ ïàðòèÿ íà ýòó òåìó:} 13. Bxc7 ({èëè} 13. Qxf3 Qxd6 $11 {
Òàê âåäü?}) 13... Bxd1 14. Bxd8 Bxc2 $1 15. Bxc2 Rfxd8 16. Rab1 b6 17. Rb5 {
È äàëüøå ÷¸ðíûå, íåñìîòðÿ íà êîëîññàëüíóþ ðàçíèöó â ðåéòèíãàõ, ïðîñòî
ïåðåèãðàëè ñâîåãî ñîïåðíèêà:} Kf8 18. Kf1 Rac8 19. Bd1 Rd6 20. Re3 Ne7 21. Ke1
a6 22. Rb1 Rdc6 23. Kd2 Nf5 24. Rh3 Nd6 25. Rxh7 Ne4+ 26. Ke1 Kg8 27. Rh5 Nxc3
28. Rc1 Rc4 29. Bb3 Rxd4 30. Re5 Rc5 {Ñîãëàøåíèå íà íè÷üþ â ýòîì ïîëîæåíèè
äëÿ ìåíÿ ñîâåðøåííî íåïîíÿòíî (1/2 Sanner,D (2297) - Ries,N (1864)/Koblenz
2004).}) {Ïîñëåäóþùèå íåñêîëüêî õîäîâ âïîëíå ïîíÿòíû: èãðà êðóòèòñÿ&âåðòèòñÿ
âîêðóã îòêðûòîé ëèíèè «å».} 13. Re3 Qd7 14. h3 Bh5 15. Qd2 Rae8 16. Nh4 Rxe3
17. Qxe3 {
À âîò òåïåðü íà÷èíàåòñÿ ïðîÿâëÿòüñÿ óæàñíàÿ ôîðìà èçðàèëüñêîãî ãðîññìåéñòåðà.}
Qe6 $2 (17... f6 $5) 18. Nf5 $1 Rd8 ({Ïëîõî} 18... Qxe3 19. Nxe3 {
, è òåðÿåòñÿ ïåøêà íà d5. À âåäü ãðîçèò ðàçìåí íà å6 è óäàð íà d6...}) ({À åñëè
} 18... Qd7 {, òî} 19. Qg5 Bg6 {, è âíîâü ÷¸ðíûå îñòàþòñÿ áåç ïåøêè.} 20. Ne3
) 19. Qg5 $6 {Áåëûå òîæå â äîëãî íå îñòàþòñÿ. «Ðåâàíøèðóþòñÿ», òàê ñêàçàòü.
.. Íî íå äóìàþ, ÷òî ýòî ïðîñ÷¸ò. Ïî-ìîåìó, ýòî ïðîñòî ñòèëü. Òîïàëîâ èãðàåò
íà îñëîæíåíèÿ, êîòîðûå â äàííîé êîíêðåòíîé ïàðòèè ïðèíîñÿò åìó áûñòðûé óñïåõ.}
({Ïîñëå} 19. Re1 $1 {
, êàê áû ÷¸ðíûå íå èãðàëè, íî ñ ïåøå÷êîé èì ïðèä¸òñÿ ðàññòàòüñÿ. Ê ïðèìåðó,}
Qxe3 ({èëè} 19... Re8 20. Nxd6 $1) ({èëè} 19... Bg6 20. Qxe6 fxe6 21. Rxe6 {
è ò.ä.}) 20. Nxe3 {Êàê çàùèùàòü ñëàáîñòü íà d5?} Ne7 (20... Re8 21. Rb1 b6 22.
Nxd5 {è ò.ä.}) 21. c4 $1 dxc4 ({èëè æå} 21... Bg6 22. Bxg6 hxg6 23. cxd5 Rc8
24. c4) 22. Nxc4 {- âèñèò êîíü} Kf8 (22... Nc6 23. Nxd6 $1) 23. Bxh7 {
, è íà «àðåñòîâûâàþùåå»} g6 {åñòü «ïðèáèâàþùåå»} 24. g4 $16 {Íå ìåíüøå!})
{Ïîñëå æå õîäà â ïàðòèè èãðà (ñëîæíàÿ) íà÷èíàåòñÿ ïî íîâîé.} 19... Bg6 (19...
Qg6 $4 20. Ne7+) 20. Ne3 {È âíîâü áåëûå íàìåêàþò íà òî, ÷òî ñäâîåííûé
«èçîëÿòîð» d5&d6 - íå ïðîñòîå óêðàøåíüå.} Be4 21. Re1 h6 ({Íåëüçÿ, êîíå÷íî,
} 21... Bxd3 $2 22. cxd3 Re8 23. Nc2 Qd7 24. Rxe8+ Qxe8 25. Ne3 {è ò.ä.}) 22.
Qh4 Qg6 23. Be2 $5 {«Ïîäêðóòêà» ïîçèöèè ïî-òîïàëîâñêè.} Bxc2 24. Bh5 ({
Âåñåëèí òàê ñêîðî ñâîè ïåøêè íàçàä íå îòáèðàåò. ;) Îí ëþáèò è óìååò èãðàòü ñ
êîìïåíñàöèåé. Íåïëîõîáûëî} 24. Bf3 $5 {è òóò äàæå ëîâóøå÷êà ïðîðèñîâûâàåòñÿ -}
Be4 25. Nxd5 Bxf3 $4 26. Qxd8+ $1 $18) 24... Qe4 ({Åñëè} 24... Qd3 {, òî} 25.
Nxd5 {è íà ðåçêîå} g5 {îòâåò áóäåò àäåêâàòíûì:} 26. Qg4 {
(æåëàåì  ñûãðàòü Ne7, ïîñëå ÷åãî âëåçòü ëàäü¸é íà å7} Kg7 27. Bxf7 $1 Kxf7 28.
Nb4 $1 Qxc3 (28... Qf5 29. Qe2 Be4 30. Nxc6 bxc6 31. f3 $16 {
- ôèãóðà îòûãðûâàåòñÿ, ëèøíÿÿ ïåøêà è àòàêà îñòàþòñÿ}) (28... Nxb4 29. Qe6+ {
è ïîëó÷àåòñÿ ìàò!}) 29. Qe6+ Kg7 30. Nxc6 Rf8 31. Nd8 $1 $40 {
«Âïåð¸ä, âïåð¸ä!»}) 25. Qg3 (25. f4 $5) {Ïîçèöèÿ ÷¸ðíûõ, êîíå÷íî, íå àõòè,
íî âåäü è íå ïðîèãðûâàåòñÿ æå îíà â äâà (!) õîäà. Îäíàêî} 25... Bd3 (25... Bb1
$5) 26. f3 ({Ëþáîïûòíî áûëî} 26. f4 $5 {
ñ èäååé îêðóæèòü «òåïëîì è çàáîòîé» ÷¸ðíîãî ôåðçÿ.} Qh7 $140 (26... Re8 27.
Nc2 $1) 27. Nxd5 Qf5 28. Re7 $1 $36) 26... Qe7 $4 $18 {
Îé. Îé-¸é-¸é. Î¸-¸¸¸å÷êè!} (26... Qh7 $8) 27. Ng4 Qg5 (27... Qf8 28. Nxh6+ Kh7
29. Nxf7 $18) 28. f4 ({È ôåðçü òåðÿåòñÿ:} 28. f4 Qxh5 (28... Qf5 29. Nxh6+) 29.
Nf6+) 1-0